000 00518nam a2200169Ia 4500
003 GCL
008 140319s9999 xx 000 0 ara d
040 _aGCL /
_cGCL
082 0 4 _a810.8
_bم م
100 1 _aمصطفى محمود
245 1 0 _aالقران : محاولة لفهم عصرى /
_cمصطفى محمود
300 _a279 ص
490 _aالهيئة العامة للاستعلامات
_v0
650 0 4 _aالاسلام والمجتمع
650 0 4 _aالاسلام والسياسة
942 _2ddc
_cBK
999 _c48833
_d48833